000 01422nam a22003857a 4500
001 4435012
003 OSt
005 20210422062306.0
008 941101s1995 nyua 001 0 eng
010 _a 94041853
020 _a0870783645
040 _aeng
_cDLC
_deng
_beng
041 _aeng
043 _ae-ur-ru
050 0 0 _aRA566.5.R9
_bF47 1995
080 _a94
_bF-44
082 0 0 _a363.7/00947
_220
100 1 _aFeshbach, Murray,
_d1929-
245 1 0 _aEcological disaster :
_bcleaning up the hidden legacy of the Soviet regime /
_c/ by: Twentieth Century Fund Press
246 1 _iAt head of title:
_aRussia in transition.
260 _aNew York
_bTwentieth Century Fund Press,
_c1995.
300 _ax, 157 p. :
_bill. ;
_c23 cm.
500 _a"A Twentieth century fund report."
504 _aIncludes bibliographical references (p. 121-146) and index.
650 0 _aEnvironmental health
_zRussia (Federation).
650 0 _aHistory
_9252
650 0 _aHistory of Russia
_9475
650 0 _aEnvironmental degradation
_zRussia (Federation).
653 _aისტორია
653 _aრუსეთის ისტორია
653 _aგარემოს დაბინძურება
906 _a7
_bcbc
_corignew
_d1
_eocip
_f19
_gy-gencatlg
942 _2udc
_cBK
999 _c810
_d810